| 000 | 01507nam a2200361 a 4500 | ||
|---|---|---|---|
| 001 | 0000319 | ||
| 003 | DO-SdBNP | ||
| 005 | 20180306095942.0 | ||
| 007 | 0000319 | ||
| 008 | 150130s2013 dr abc 000 0 spa d | ||
| 020 | _a9789945461982 | ||
| 040 |
_aBPMSU _bspa _cBPMSU |
||
| 092 |
_a372.257 _bV335c, 2do. 2013 |
||
| 100 | 1 | _aVásquez Güichardo, Julia Mery | |
| 245 | 1 | 0 |
_aCiencias de la naturaleza 2 : _b[educación básica] / _cJulia Mery Vásquez Güichardo, Andrea Griselda Rincón Ozuna ; producción editorial María del Jesús de la Rosa |
| 260 |
_aSanto Domingo : _bActualidad Escolar 2000, _c2013. |
||
| 300 |
_a112 p. : _bil., retrs. ; _c28 cm. |
||
| 500 | _aEdición revisada y actualizada al 2013. | ||
| 500 | _aSegundo grado. Primer ciclo educación básica. | ||
| 504 | _aBibliografía p: 112 | ||
| 505 | 1 |
_tAlimentos, energía y vida -- _tEl sol fuente de energía y vida -- _tLos materiales y sus cambios -- _tMovimiento y tecnología en la vida -- |
|
| 650 | 4 |
_aCIENCIAS NATURALES _xENSEÑANZA BÁSICA |
|
| 650 | 4 |
_aCIENCIAS NATURALES _xEDUCACIÓN PRIMARIA |
|
| 650 | 4 |
_aEDUCACIÓN PRIMARIA _xREPÚBLICA DOMINICANA |
|
| 650 | 4 |
_aCIENCIAS NATURALES _xLIBROS DE TEXTOS |
|
| 650 | 4 |
_aCIENCIAS NATURALES _xESTUDIOS Y EJERCICIOS |
|
| 700 | 1 | 2 | _aRincón Ozuna, Andrea Griselda |
| 700 | 1 | 2 |
_aRosa, María del Jesús de la _e ed. |
| 910 | _aValidado. Control de calidad MFF | ||
| 942 |
_2ddc _cBK |
||
| 945 | _aRemanejado para la BNPHU / 2018 VM | ||
| 956 |
_aYLOCKWARD _b10 |
||
| 999 |
_c9873 _d9873 |
||